000 00406nam a2200133Ia 4500
999 _c14006
_d14006
003 OSt
005 20260312151416.0
008 260210s9999 xx 000 0 und d
020 _a9780760383384
100 _aElliot Jay Stocks
245 0 _aUniversal Principles of Typography: 100 Key Concepts for Choosing and Using Type
260 _bRockport Publishers (Quarto Publishing Group)
_c2024
942 _cPG
_2ddc